000 01447nam a2200265 i 4500
003 OSt
005 20260408113352.0
008 260408s2024 enk crb 000 1 eng d
020 _a9781805316749
_cRM 55.00
_qpaperback
040 _aPPAK
_beng
_cPPAK
_erda
082 0 4 _223
_a823.92
090 0 0 _a823.92
_bSAN
_dK
100 1 _aSanghani, Radhika,
_eauthor.
245 1 0 _aTHE GIRL WHO COULDNT LIE /
_cRADHIKA SANGHANI
264 1 _aLondon :
_bUsborne,
_c2024
300 _a295 pages ;
_c20 cm
336 _atext
_2rdacontent
337 _aunmediated
_2rdamedia
338 _avolume
_2rdacarrier
520 _a"Priya Shah lies. A lot. She pretends everything in her life is perfect, so she doesn't disappoint anyone. But when she puts on a bangle left to her by her Ba - the one person she was always honest with - she finds herself unable to tell a lie. Priya is mortified. She tells her dad she hates his cooking, she tells Dan Zhang about her huge crush on him, she shares her best friends' secrets at school. She can't get the bangle off, and she can't stop the truths pouring out of her. As more things go wrong, and Priya's truth-telling spirals out of control, can Priya learn to be honest without hurting the people she loves?"--
_cProvided by publisher
650 1 0 _aTruthfulness and falsehood
_vJuvenile fiction
650 2 0 _aBracelets
_vJuvenile fiction
650 2 0 _aHonesty
_vJuvenile fiction
942 _2ddc
_cB
999 _c203746
_d203746